| 000 | 01026nam a2200241 a 4500 | ||
|---|---|---|---|
| 001 | 62654 | ||
| 003 | BD-RjUL | ||
| 005 | 20211209081117.0 | ||
| 008 | 170125s1999 ii a|||| |||| 00| 0 ben d | ||
| 020 |
_a8187360097 _c: Tk. 125.00 |
||
| 035 | _a(BD-RjUL)62780 | ||
| 040 |
_aBD-RjUL _bben _cBD-RjUL |
||
| 041 | _aben | ||
| 082 |
_223 _a782.42162095414 _bBAB 1999 |
||
| 100 |
_aবর্মা, সুখবিলাস _9178152 |
||
| 245 | 1 | 0 |
_aভাওয়াইয়া / _cসুখবিলাস বর্মা |
| 260 |
_aকলকাতা : _bলোকসংস্কৃতি ও আদিবাসী সংস্কৃতি কেন্দ্র / _c১৯৯৯ |
||
| 300 |
_a৩৫২ পৃ. : _bচিত্র ; _e২৩ সেমি. |
||
| 504 | _aগ্রন্থপঞ্জি সংযুক্ত | ||
| 650 |
_aলোকগান _zবেঙ্গল _xইতিহাস ও সমালোচনা _9186285 |
||
| 650 |
_aFolk Song _zBengal _xHistory and Critiism _9186286 |
||
| 942 |
_2ddc _cBK |
||
| 999 |
_c62654 _d62654 |
||